25 Best Nations in Healthcare Access and Quality - Statistics

General Stats
  • This quiz has been taken 365 times
  • The average score is 21 of 25
Answer Stats
rank Nations HAQ index % Correct
13 Canada 88
97%
4 Sweden 90
97%
4 Finland 90
96%
4 Norway 90
96%
13 France 88
94%
20 Germany 86
94%
10 Italy 89
93%
4 Spain 90
93%
3 Switzerland 92
93%
10 Japan 89
92%
20 Denmark 86
91%
4 Australia 90
90%
13 Austria 88
89%
4 Netherlands 90
89%
13 Belgium 88
88%
13 Ireland 88
87%
20 New Zealand 86
87%
20 South Korea 86
87%
2 Iceland 94
86%
10 Luxembourg 89
85%
20 Singapore 86
83%
18 Greece 87
67%
20 Israel 86
62%
18 Slovenia 87
56%
1 Andorra 95
53%
No matching quizzes found
Score Distribution
Percent of People with Each Score
Percentile by Number Answered
Your Score History
You have not taken this quiz